| 000 | 00428nam a2200181Ia 4500 | ||
|---|---|---|---|
| 005 | 20240823013904.0 | ||
| 008 | 240823s9999||||xx |||||||||||||| ||und|| | ||
| 020 | _a81-88458-01-5 | ||
| 041 | _aENGLISH | ||
| 082 | _A511.6 | ||
| 100 | _aAnjana Gupta | ||
| 245 | 0 | _aDiscrete Mathematics | |
| 250 | _a2nd | ||
| 260 |
_c2004 _b"Kataria S K," _aDelhi |
||
| 500 | _aYES | ||
| 650 |
_aDiscrete Maths _bMathematics |
||
| 942 | _cBK | ||
| 999 |
_c168520 _d168520 |
||